Κατάλογος Βιβλιοθηκών Mediterranean College

Strategic Compensation / A Human Resource Management Approach (Record no. 971)

MARC details
000 -LEADER
fixed length control field 01468cam a22001934a 4500
005 - ΗΜΕΡΟΜΗΝΙΑ ΚΑΙ ΩΡΑ ΤΕΛΕΥΤΑΙΑΣ ΕΝΗΜΕΡΩΣΗΣ
Πεδίο ελέγχου 20250605163951.0
008 - FIXED-LENGTH DATA ELEMENTS--GENERAL INFORMATION
Πεδίο ελέγχου σταθερού μήκους 250528s ||||||||||||||||||||||||d
035 ## - SYSTEM CONTROL NUMBER
System control number 15386
020 ## - ISBN
ISBN 134409833
040 ## - ΠΗΓΗ ΚΑΤΑΛΟΓΟΓΡΑΦΗΣΗΣ
Φορέας πρωτότυπης καταλογογράφησης MC Athens Campus Library
Γλώσσα καταλογογράφησης Ελληνικά, Μοντέρνα (1453-)
Modifying agency MC Athens Campus Library
Κανόνες περιγραφικής καταλογογράφησης AACR2
245 1# - ΤΙΤΛΟΣ ΚΑΙ ΔΗΛΩΣΗ ΥΠΕΥΘΥΝΟΤΗΤΑΣ
Τίτλος Strategic Compensation / A Human Resource Management Approach
260 ## - PUBLICATION, DISTRIBUTION, ETC.
Name of publisher, distributor, etc. Prentice Hall,
Date of publication, distribution, etc. 1998
300 ## - PHYSICAL DESCRIPTION
Extent 432
520 ## - SUMMARY, ETC.
Summary, etc. This book delivers a thoroughly modern approach to compensation and its role in promoting companies' competitive advantages. Preface, Introduction, Setting the Stage for Strategy Compensation, Compensation: A Component of Human Resource System, Strategic Compensation: Attaining a Competitive Advantage, Contextual Influences on Compensation Practice, Bases for Pay, Traditional Bases for Pay: Seniority and Merit, Incentive Pay, Pay-for-Knowledge and Skill-Based Pay, Designing Compensation Systems, Building Internally Consistent Compensation Systems, Building Market-Competitive Compensation Systems, Building Pay Structures That Recognize Individual Contributions, Employee Benefits, Legally Required Benefits, Discretionary Benefits, Contemporary Strategic Compensation Challenges, International Compensation, Compensating Executives, Compensating the Flexible Work Force: Contingent Employees and Flexible Work Schedules, Glossary of Key Terms, Author and Subject Index.
700 1# - ΠΡΟΣΘΕΤΗ ΑΝΑΓΡΑΦΗ--ΦΥΣΙΚΟ ΠΡΟΣΩΠΟ
Personal name Martocchio J. Joseph
9 (RLIN) 1294
942 ## - ADDED ENTRY ELEMENTS (KOHA)
Koha item type Books
Holdings
Τύπος τεκμηρίου Βιβλιοθήκη Τρέχουσα τοποθεσία Barcode Αριθμός εισαγωγής Ημερομηνία απόκτησης Ταξιθετικό σύμβολο Αριθμός αντιτύπου Κατάσταση απόσυρσης Κατάσταση χαμένου Κατάσταση κατεστραμμένου Μη δανεισμός Σύνολο δανεισμών Ημερομηνία τελευταίας εμφάνισης Η τιμή ισχύει από
Books MC Athens Campus Library MC Athens Campus Library 9780000009708 1640 05/06/2025 658.3/22 MAR 1           05/06/2025 05/06/2025

MC Athens Campus Library
Πατησίων 94 & Κοδριγκτώνος 13, 104 34
Πελλήνης 8 & Πατησίων 107, 112 51
Τ: +30 210 8899600

MC Thessaloniki Campus Library
Ίωνος Δραγούμη 21, 54625 | Ίωνος Δραγούμη 15, 54625
Τ: +30 2310 287779 – Τ: +30 2314 440300